00450nam a2200181 a 4500001001300000003000900013005001700022008004100039020001000080082001500090100002000105245002400125260004300149300000900192500003500201505001200236650002000248nice12345678IN_TiNIC20260116011520.0050524s1947 phia grp 000 0 eng  ac10000a296.1bGIN aGinzberg, Louis aLegends of the Jews aPhiladelphiabJewish Publicationc1947 a424p aincludes index and biblioraphy2 aIndexes aJudaism-Sources